02055nam2a22002771 4500001001100000005001700011021001900028035002600047100004100073101000800114102000700122105001800129200040900147210001800556215001200574320004900586461071200635532007501347606015701422702003001579702007101609702003801680801001801718801002201736852001901758rc\371630520250610103142.0 aRUb[73-73889] a(NLR Aleph) 007859913 a20130115d1973 |||y0rusy50 ca0 arus aRU ay z |||||1 aКомплекс программ "Памир-72"fМ-во автомоб. транспорта РСФСР. Отраслевой фонд алгоритмов и программ. Ленингр. гос. ун-т им. А.А. Жданова. Вычислит. центр Главленавтотрансаg[Разраб. Аникеич А.А., Грибов А.Б., Михейкина Р.Ф. и др.] d1973aБ. м. a224 с. aСписок лит.: с. 222 (10 назв.) 01001rc\371630012001#$aСпециальное математическое обеспечение ЭВМ "Урал-14"$eВып. 1-$fМ-во автомоб. транспорта РСФСР. Ордена Труд. Красного Знамени Гл. ленингр. упр. автомоб. транспорта. Вычисл. центр$vВып. 5cЛенинградd1971fМ-во автомоб. транспорта РСФСР. Ордена Труд. Красного Знамени Гл. ленингр. упр. автомоб. транспорта. Вычисл. центрnБ. и.oВып. 1-tСпециальное математическое обеспечение ЭВМ "Урал-14"vВып. 511aКомплекс программ Памир семьдесят два aАвтомобильные перевозки, грузовыеxМаршрутизацияxМатематические методы (вып. 5)2psbo 1aГрибовbА.Б.4570 1aАникеичbА.А.gАндрей Аверьянович4570 1aМихейкинаbР.Ф.4570 0aRUbNLRgpsbo 1aRUbELAR2rusmarc aNLRj72-3/1611